000 01258nam a22003617a 4500
003 CHAP
005 20220329133608.0
008 971013s1992 r 00010 d
010 _a8333
011 _a9305
035 _a8540
040 _cCHAP
090 _aTesis
100 0 0 _aDomínguez Tapia, José Juan.
_933899
245 _aEfecto de la incidencia de daños por frío sobre la fisiología y calidad de frutos de tuna (Opuntia amyclaea T.)
260 _aMontecillo, Méx. :
_bEl autor,
_c1992
300 _a78 h
502 _aTesis (M.C. Esp. en Fruticultura) -- C.P. Centro de Fruticultura
590 _aALEPH
_b10
_c20130110
_lUCH01
_h1222
590 _aBATCH-UPD
_b10
_c20130110
_lUCH01
_h0142
590 _aBATCH-UPD
_b10
_c20130110
_lUCH01
_h2042
590 _aBATCH-UPD
_b10
_c20130409
_lUCH01
_h2140
590 _aBATCH-UPD
_b10
_c20130410
_lUCH01
_h1357
590 _aBATCH-UPD
_b10
_c20130914
_lUCH01
_h1219
590 _aCONVERSION
_b10
_c20130109
_lUCH01
_h1306
650 1 4 _aFrío
_xEfecto en tuna.
_943546
650 1 4 _aTuna
_xCalidad.
_9115546
650 1 4 _aTuna
_xFisiología y morfología.
_9115553
901 _aBK
942 _cFOLL
949 _bBC
_cTES
_d-18762
_eTS1
_h25828
_i8540
_si
949 _bBC
_cTES
_d-18763
_eTS2
_fc.2
_h25829
_i8540
_si
999 _c8333
_d8333